Science Quiz

Random Science or Animal Quiz
Score 0/16 Timer 04:00
3 Plays Today
Hint Answer % Correct
Raccoon
96%
Leopard
84.2%
Manatee
78.9%
Lemur
75%
Wallaby
61%
Capybara
59.1%
Kiwi
57.2%
Shrew
56.7%
Hint Answer % Correct
Tasmanian Devil
48.8%
Macaw
47.8%
Wildebeest
36.4%
Vulture
33.8%
Stork
32.7%
Gibbon
19.3%
Muskox
14.1%
Quokka
13.2%
Remove Ads.
Support Sporcle.
Get the best of Sporcle when you Go Orange. This ad-free experience offers more features, more stats, and more fun while also helping to support Sporcle. Thank you for becoming a member.

You're not logged in!

Compare scores with friends on all Sporcle quizzes.
OR
Log In

Show Comments

Extras

Top Quizzes Today


Score Distribution

Your Account Isn't Verified!

In order to create a playlist on Sporcle, you need to verify the email address you used during registration. Go to your Sporcle Settings to finish the process.

Report this User

Report this user for behavior that violates our Community Guidelines.

Details: